<?xml version="1.0" encoding="UTF-8"?>
<record
    xmlns:xsi="http://www.w3.org/2001/XMLSchema-instance"
    xsi:schemaLocation="http://www.loc.gov/MARC21/slim http://www.loc.gov/standards/marcxml/schema/MARC21slim.xsd"
    xmlns="http://www.loc.gov/MARC21/slim">

  <leader>00608nam a22001577a 4500</leader>
  <controlfield tag="003">OSt</controlfield>
  <controlfield tag="005">20151005151144.0</controlfield>
  <controlfield tag="008">151005b        xxu||||| |||| 00| 0 eng d</controlfield>
  <datafield tag="040" ind1=" " ind2=" ">
    <subfield code="c">RUA </subfield>
  </datafield>
  <datafield tag="082" ind1=" " ind2=" ">
    <subfield code="a">AVM POL 2005 B075 Or.1 </subfield>
  </datafield>
  <datafield tag="100" ind1=" " ind2=" ">
    <subfield code="9">2055</subfield>
    <subfield code="a">POL DALY </subfield>
  </datafield>
  <datafield tag="245" ind1=" " ind2=" ">
    <subfield code="a">Newborn piglet carin to weraning at cp company, (&#x1780;&#x17B6;&#x179A;&#x1790;&#x17C2;&#x179A;&#x1780;&#x17D2;&#x179F;&#x17B6;&#x1780;&#x17BC;&#x1793;&#x1787;&#x17D2;&#x179A;&#x17BC;&#x1780;&#x1791;&#x17BE;&#x1794;&#x1780;&#x17BE;&#x178F;&#x179A;&#x17A0;&#x17BC;&#x178F;&#x178A;&#x179B;&#x17CB;&#x1795;&#x17D2;&#x178A;&#x17B6;&#x1785;&#x17CB;&#x178A;&#x17C4;&#x17C7; &#x1793;&#x17C5;&#x1780;&#x17D2;&#x179A;&#x17BB;&#x1798;&#x17A0;&#x17CA;&#x17BB;&#x1793; &#x179F;&#x17CA;&#x17B8;&#x200B; &#x1797;&#x17B8; &#x1785;&#x17C6;&#x1780;&#x17B6;&#x178F;&#x17CB;)</subfield>
  </datafield>
  <datafield tag="260" ind1=" " ind2=" ">
    <subfield code="a">phnom penh </subfield>
    <subfield code="b">RUA </subfield>
    <subfield code="c">2005</subfield>
  </datafield>
  <datafield tag="300" ind1=" " ind2=" ">
    <subfield code="a">vii, 34p.</subfield>
    <subfield code="b">ill.</subfield>
    <subfield code="c">29cm.</subfield>
  </datafield>
  <datafield tag="942" ind1=" " ind2=" ">
    <subfield code="2">ddc</subfield>
    <subfield code="c">AVM</subfield>
  </datafield>
  <datafield tag="999" ind1=" " ind2=" ">
    <subfield code="c">1939</subfield>
    <subfield code="d">1939</subfield>
  </datafield>
  <datafield tag="952" ind1=" " ind2=" ">
    <subfield code="0">0</subfield>
    <subfield code="1">0</subfield>
    <subfield code="2">ddc</subfield>
    <subfield code="4">0</subfield>
    <subfield code="6">AVM_POL_2005_000000000000000_B075_OR_1</subfield>
    <subfield code="7">0</subfield>
    <subfield code="9">8085</subfield>
    <subfield code="a">LBB</subfield>
    <subfield code="b">LBB</subfield>
    <subfield code="c">B075</subfield>
    <subfield code="d">2015-10-05</subfield>
    <subfield code="l">1</subfield>
    <subfield code="o">AVM POL 2005 B075 Or.1</subfield>
    <subfield code="p">RUA009113</subfield>
    <subfield code="r">2017-11-01</subfield>
    <subfield code="s">2017-10-17</subfield>
    <subfield code="w">2015-10-05</subfield>
    <subfield code="y">AVM</subfield>
  </datafield>
  <datafield tag="952" ind1=" " ind2=" ">
    <subfield code="0">0</subfield>
    <subfield code="1">0</subfield>
    <subfield code="2">ddc</subfield>
    <subfield code="4">0</subfield>
    <subfield code="6">AVM_POL_2005_000000000000000_B075_OR_2</subfield>
    <subfield code="7">0</subfield>
    <subfield code="9">8086</subfield>
    <subfield code="a">LBB</subfield>
    <subfield code="b">LBB</subfield>
    <subfield code="c">B075</subfield>
    <subfield code="d">2015-10-05</subfield>
    <subfield code="o">AVM POL 2005 B075 Or.2</subfield>
    <subfield code="p">RUA009120</subfield>
    <subfield code="r">2015-10-05</subfield>
    <subfield code="w">2015-10-05</subfield>
    <subfield code="y">AVM</subfield>
  </datafield>
  <datafield tag="952" ind1=" " ind2=" ">
    <subfield code="0">0</subfield>
    <subfield code="1">0</subfield>
    <subfield code="2">ddc</subfield>
    <subfield code="4">0</subfield>
    <subfield code="6">AVM_POL_2005_000000000000000_B075_OR_3</subfield>
    <subfield code="7">0</subfield>
    <subfield code="9">8087</subfield>
    <subfield code="a">LBB</subfield>
    <subfield code="b">LBB</subfield>
    <subfield code="c">B075</subfield>
    <subfield code="d">2015-10-05</subfield>
    <subfield code="l">1</subfield>
    <subfield code="o">AVM POL 2005 B075 Or.3</subfield>
    <subfield code="p">RUA009255</subfield>
    <subfield code="r">2022-05-30</subfield>
    <subfield code="s">2022-05-16</subfield>
    <subfield code="w">2015-10-05</subfield>
    <subfield code="y">AVM</subfield>
  </datafield>
  <datafield tag="952" ind1=" " ind2=" ">
    <subfield code="0">0</subfield>
    <subfield code="1">0</subfield>
    <subfield code="2">ddc</subfield>
    <subfield code="4">0</subfield>
    <subfield code="6">AVM_POL_2005_000000000000000_B075_OR_4</subfield>
    <subfield code="7">0</subfield>
    <subfield code="9">8088</subfield>
    <subfield code="a">LBB</subfield>
    <subfield code="b">LBB</subfield>
    <subfield code="c">B075</subfield>
    <subfield code="d">2015-10-05</subfield>
    <subfield code="o">AVM POL 2005 B075 Or.4</subfield>
    <subfield code="p">RUA009183</subfield>
    <subfield code="r">2015-10-05</subfield>
    <subfield code="w">2015-10-05</subfield>
    <subfield code="y">AVM</subfield>
  </datafield>
</record>
